000 00551nam a2200181Ia 4500
999 _c30030
_d30030
003 OSt
005 20210104111403.0
008 190216s9999||||xx |||||||||||||| ||und||
020 _a9788182645257
040 _coclc
082 _a894.8121
_bNAM/A
100 _aNamboodiri, Akkitham Achutan
_96912
245 0 _aAnthimahakaalam /
_cAkkitham Achuthan Namboodiri
260 _bMathrubhumi Printing &publishing,
_c2007.
_aKozhikode:
300 _a94p
650 _aKavitha
942 _cBK
_2ddc
_h894.8121
_iNAM/A
_k894.8121
_mNAM/A